000 00531nam a2200193Ia 4500
003 GCL
008 140319s9999 xx 000 0 ara d
040 _aGCL /
_cGCL
082 0 4 _a216
_bم س
100 1 _aمحمد عمارة
245 1 0 _aسقوط الغلو العلمانى /
_cمحمد عمارة
300 _a326 ص
490 _a100 قصة
_v0
650 0 4 _aالاسلام
650 0 4 _aدفع المطاعن عن الاسلام
650 0 4 _aالعلمانية
650 0 4 _aدفع المطاعن
942 _2ddc
_cBK
999 _c45020
_d45020